Les villes françaises de la côte de la Manche! - Statistiques

Statistiques générales
  • Ce quiz a été pris 110 fois
  • Le résultat moyen est 11 sur 29
Statistiques - réponses
Région Ville % Correct
Calais
84%
Saint-Malo
82%
Le Havre
79%
Saint-Brieuc
71%
Dunkerque
66%
Dieppe
62%
Bretagne Dinard
61%
Boulogne-sur-Mer
59%
Granville
59%
Lannion
55%
Morlaix
53%
Honfleur
52%
Fécamp
50%
Normandie Cherbourg-en-Cotentin
49%
Nord-Pas-de-Calais-Picardie Berck
46%
Ouistreham
36%
Perros-Guirec
31%
Paimpol
27%
Gravelines
18%
La Hague
17%
Grande-Synthe
16%
Étaples
14%
Marck
10%
Plérin
10%
Langueux
8%
Sainte-Adresse
8%
Wimereux
8%
Gonfreville-l'Orcher
5%
Le Portel
4%
Aucun quiz correspondant
Distribution des résultats
% des personnes avec chaque résultat
Percentile par nombre de réponses
Votre historique - résultats
Vous n’avez pas pris ce quiz